LEADER 01160nam0 22002651i 450 001 UON00013136 005 20231205101942.433 100 $a20020107d1969 |0itac50 ba 101 $aeng 102 $aUS 105 $a|||| 1|||| 200 1 $aChanging Japanese attitudes toward modernization$fed. by Marius B. Jansen 210 $aPrinceton$cPrinceton University Press$d1969 215 $aX, 546 p.$d21 cm 410 1$1001UON00013944$12001 $aStudies in the modernization of Japan$1210 $aPrinceton$cPrinceton University Press, v. ; 20 cm 620 $aUS$dPrinceton$3UONL000074 686 $aGIA VII D$cGIAPPONE - RELIGIONE E FILOSOFIA - ALTRE CORRENTI DI PENSIERO$2A 702 1$aJANSEN$bMarius B.$3UONV000490 712 $aPrinceton University Press$3UONV245813$4650 801 $aIT$bSOL$c20250530$gRICA 899 $aSIBA - SISTEMA BIBLIOTECARIO DI ATENEO$2UONSI 912 $aUON00013136 950 $aSIBA - SISTEMA BIBLIOTECARIO DI ATENEO$dSI GIA VII D 033 $eSI YAM2028 7 033 996 $aChanging Japanese attitudes toward modernization$91144850 997 $aUNIOR